Plus Beaux Villages de France par images #3 - Statistiques

Statistiques générales
  • Ce quiz a été pris 14 fois
  • Le résultat moyen est 2 sur 16
Statistiques - réponses
Par images Hint Réponse % Correct
Dordogne (24) Domme
40%
Aude (11) Lagrasse
30%
Charente-Maritime (17) Brouage
20%
Charente (16) Aubeterre-sur-Dronne
10%
Hautes-Alpes (05) La Grave
10%
Vaucluse (84) Ménerbes
10%
Maine-et-Loire (49) Montsoreau
10%
Haute-Vienne (87) Mortemart
10%
Lozère (48) Sainte-Enimie
10%
Corrèze (19) Saint-Robert
10%
Loiret (45) Yèvre-le-Châtel
10%
Tarn-et-Garonne (82) Bruniquel
0%
Lot (46) Carennac
0%
Var (83) Gassin
0%
Haut-Rhin (68) Hunawihr
0%
Aisne (02) Parfondeval
0%
Aucun quiz correspondant
Distribution des résultats
% des personnes avec chaque résultat
Percentile par nombre de réponses
Votre historique - résultats
Vous n’avez pas pris ce quiz